000 00756nam a22002777a 4500
001 000022261
003 CHAP
005 20220329134509.0
008 971013s r 00010 d
010 _a21218
011 _a22190
035 _a26283
040 _cCHAP
090 _aFolleto 5361
100 0 0 _aDouglas, John R., Jr.
_934082
245 0 _aWorld phosphate fertilizer industry ar crossroads.
260 _a(s.l.) :
_b(s.e.),
_c(s.a.).
300 _a17 p. :
_b: apénd.
590 _aBATCH-UPD
_b10
_c20130110
_lUCH01
_h2144
590 _aCONVERSION
_b10
_c20130109
_lUCH01
_h1313
590 _aE11695DGD
_b10
_c20150515
_lUCH01
_h1152
650 1 4 _aFertilizantes
_xIndustria
_xE.U.A.
_940573
901 _aBK
942 _cFOLL
942 _n0
999 _c21218
_d21218